=LDR 00000nam 2200000 4500 =001 INLIS000000000050161 =005 20170420101935.0 =006 =007 =008 =020 ##$$a 978 - 602 - 7900 - 88 - 2 =035 ##$$0010-041700000000351 =040 ##$$a NBPDMAT =082 ##$$a 398 =090 ##$$a 398 Mah r =100 ##$$a Mahardika, Echi =245 ##$$a Red Fairy tales : $b dongeng - dongeng klasik pengantar tidur / $c Echi Mahardika =260 ##$$a Yogyakarta $b Mitra Buku $c 2014 =300 ##$$a 466 hlm. : ilus. ; 23 cm. =650 ##$$a DONGENG =850 ##$$a NBPDMAT